000 002500000a22000970004500
100 1 _aZuccherino, Daniel
245 1 0 _aDios levanta del polvo al pobre
300 _aVol.7, núm.7 ( 2006), Páginas 110-111
773 0 _tConquista Cristiana
942 _cANA
999 _c61596
_d61596